Music Quiz

Random Music or Lyrics Quiz

Beatles Music Without Lyrics Quiz Stats

 Plays Quiz Updated Aug 14, 2016

Challenge
Share
Tweet
Score 0/42 Timer 15:00
0 Plays Today
Time Song % Correct
0:40Love Me Do
80.6%
2:40Here Comes The Sun
79.3%
0:00Norwegian Wood (This Bird Has Flown)
77%
1:30Blackbird
76.3%
2:00Get Back
72.6%
2:50Day Tripper
65.5%
5:50Back In The U.S.S.R.
64.6%
6:40A Day In The Life
58.6%
1:00The Fool On The Hill
58.6%
0:10Octopus's Garden
57.9%
6:10Penny Lane
57.8%
4:30Birthday
57.8%
5:10Let It Be
54%
2:10Drive My Car
53%
2:30I Feel Fine
51.9%
4:40A Hard Day's Night
49.8%
1:40Strawberry Fields Forever
49.7%
4:20And I Love Her
49%
4:50Being For The Benefit Of Mr. Kite!
48.4%
5:20I Want You (She's So Heavy)
48.3%
3:20Nowhere Man
46.3%
Time Song % Correct
0:20I Saw Her Standing There
45.6%
6:30Taxman
43.9%
5:00In My Life
42.7%
3:50Because
41.6%
0:50I've Just Seen A Face
41.1%
6:50The End
40%
3:10And Your Bird Can Sing
39.3%
0:30Hey Bulldog
39.1%
2:20Martha My Dear
37.9%
4:00Can't Buy Me Love
37.6%
6:00Within You Without You
36.3%
6:20Piggies
35.1%
1:20Fixing A Hole
32.7%
3:00Dig A Pony
31.9%
3:40All My Loving
30.5%
4:10Tomorrow Never Knows
29.9%
3:30Magical Mystery Tour
29.5%
5:30The Night Before
19.5%
5:40Don't Bother Me
17%
1:10She's A Woman
13.3%
1:50I'm Down
10.7%

You're not logged in!

Compare scores with friends on all Sporcle quizzes.
Join for Free
OR
Log In

You Might Also Like...

Show Comments

Extras

Top Quizzes Today


Score Distribution

Your Account Isn't Verified!

In order to create a playlist on Sporcle, you need to verify the email address you used during registration. Go to your Sporcle Settings to finish the process.

Report this User

Report this user for behavior that violates our Community Guidelines.

Details: